000 01106nam a22002897a 4500
003 OSt
005 20240314073720.0
008 100322s2020 dr a 1 000 0 spa d
020 _a9789945094305
040 _aDO-SdBNP
_bspa
_cBNPHU
082 4 _a923.27293
_bD812R
_222
100 1 _aRodríguez Grullón, Julio Manuel
_937920
_d1937-
245 1 0 _aDuarte 25 /
_cJulio Manuel Rodríguez Grullón ; prólogo José Joaquín Pérez Saviñón
260 _aSanto Domingo :
_bGráfica William,
_c2020.
300 _a271 p. :
_bil.
_c23 cm.
500 _aIncluye datos biográficos del autor en las solapas
500 _aIncluye índice onomástico.
504 _aBibliografía p: 261-262
590 _aInventariado, 2021/ YL
590 _aLa biblioteca posee un ejemplar autografiado por el autor.
600 1 0 _aDuarte, Juan Pablo,
_d1813-1876
_91494
651 4 _aRepública Dominicana
_xHistoria
_9170
651 4 _aRepública Dominicana
_vBiografías
_91083
700 1 _aPérez Saviñón, José Joaquín
_epról.
_955022
910 _aYLOCKWARD/Validado. Control de calidad MFF
942 _2ddc
_cLBS1
999 _c49595
_d49595